00588nam a2200169 u 450000100100000000500170001000800410002704000250006808200170009310000380011024500500014826000340019830000280023259000260026095201150028699900170040100002055720200930011127.0100810s2007 dr a r 000 0 spa d aDO-SdBNPbspacBNPHU axxxxxbV768m1 aVincent Cepeda, Altagracia94327910aManual integral /cAltagracia Vincent Cepeda. aSanto Domingo :bs.n.,c2007. a364 p. :bil. ;c23 cm. aInventariado, 2020/BT 0010718PDaPDbPDcHDd2020-03-09iLF1l0oxxxxx V768mp20557-10r2020-06-25w2020-06-25yLFPDZNo se presta c20061d20061